UM Logo

Techniques in solving algebraic word problems: (Record no. 1442)

MARC details
000 -LEADER
fixed length control field 00642nam a22001817a 4500
008 - FIXED-LENGTH DATA ELEMENTS--GENERAL INFORMATION
fixed length control field 160328b xxu||||| |||| 00| 0 eng d
020 ## - INTERNATIONAL STANDARD BOOK NUMBER
International Standard Book Number 9789718171721
082 ## - DEWEY DECIMAL CLASSIFICATION NUMBER
Edition number 2011
Classification number DFil 510.761
Item number R66
100 ## - MAIN ENTRY--PERSONAL NAME
9 (RLIN) 4373
Personal name Romeral, Cipriano B., Jr.
245 ## - TITLE STATEMENT
Title Techniques in solving algebraic word problems:
Remainder of title work problems/
Statement of responsibility, etc. Cipriano B. Romeral, Jr.
260 ## - PUBLICATION, DISTRIBUTION, ETC. (IMPRINT)
Place of publication, distribution, etc. Manila:
Name of publisher, distributor, etc. Booklore Publishing Corp.,
Date of publication, distribution, etc. c2011.
300 ## - PHYSICAL DESCRIPTION
Extent 77 pages:
Dimensions 20.5 cm.
650 #0 - SUBJECT ADDED ENTRY--TOPICAL TERM
9 (RLIN) 4374
Topical term or geographic name as entry element Problem solving
General subdivision Popular works
650 #0 - SUBJECT ADDED ENTRY--TOPICAL TERM
9 (RLIN) 4375
Topical term or geographic name as entry element Word problems (mathematics)
General subdivision Popular work
700 ## - ADDED ENTRY--PERSONAL NAME
9 (RLIN) 4404
Personal name Labao, Charito, Editor
365 ## - TRADE PRICE
Price amount 305.25
Currency code Php.
942 ## - ADDED ENTRY ELEMENTS (KOHA)
Source of classification or shelving scheme Dewey Decimal Classification
Koha item type Filipiniana
Holdings
Withdrawn status Lost status Source of classification or shelving scheme Damaged status Not for loan Collection code Home library Current library Shelving location Date acquired Source of acquisition Total Checkouts Full call number Barcode Date last seen Cost, replacement price Price effective from Koha item type
    Dewey Decimal Classification     Filipiniana UM Digos College - LIC UM Digos College - LIC Book Cart 09/25/2014 Purchased   DFil 510.761 R66 2011 22441 05/15/2025 305.25 03/28/2016 Filipiniana